Uplatnenie zásady opatrnosti pri účtovaní a vykazovaní majetku a záväzkov bakalárska práca

Na minha lista:
Detalhes bibliográficos
Autor principal: Kovačičová, Iveta
Autor Corporativo: Fakulta hospodárskej informatiky EU. Katedra účtovníctva a audítorstva
Outros Autores: Kršíková, Veronika, 1986-
Formato: Livro
Idioma:eslovaco
Publicado em: Bratislava 2013
Tags: Adicionar Tag
Sem tags, seja o primeiro a adicionar uma tag!

MARC

LEADER 00000nbm a2200000 4500
001 0173226
005 20161109112147.8
041 0 |a slo 
044 |a SK 
245 1 0 |a Uplatnenie zásady opatrnosti pri účtovaní a vykazovaní majetku a záväzkov  |b bakalárska práca  |c Iveta Kovačičová ; školiteľ: Veronika Kršíková 
264 1 |a Bratislava  |c 2013 
300 |a 46 s. 
100 1 |a Kovačičová, Iveta 
700 1 |a Kršíková, Veronika, 1986- 
710 2 |a Fakulta hospodárskej informatiky EU. Katedra účtovníctva a audítorstva